Metrika International Journal for Theoretical and Applied Statistics
Gespeichert in:
| Format: | Schriftenreihe |
|---|---|
| Sprache: | Englisch |
| Veröffentlicht: |
Wien
Physica
|
| Tags: |
Keine Tags, Fügen Sie das erste Tag hinzu!
|
MARC
| LEADER | 00000nas1a2200000 4500 | ||
|---|---|---|---|
| 001 | s123318 | ||
| 005 | 20250701092114.0 | ||
| 022 | |a 0026-1335 | ||
| 022 | |a 1435-926X | ||
| 041 | 0 | |a eng | |
| 044 | |a AT | ||
| 245 | 1 | 0 | |a Metrika |b International Journal for Theoretical and Applied Statistics |
| 264 | 1 | |a Wien |b Physica | |